000 01128nas a2200361 4500
001 BR0501903
003 BR-BrBNA
005 20231205105306.0
007 ta
008 230509b bl.|||p| |||| 00| 00por d
040 _aBR-BrBNA
_bpor
_cBiblioteca Nacional de Agricultura
041 _a(Pt)
072 _aF04; F70
100 1 _aBandinelli, D.G.
100 1 _aGatiboni, L.C.
100 1 _aTrindade, J.P.P.
100 1 _aQuadros, F.L.F. de
100 1 _aKaminski, J.
100 1 _aFlores, J.P.C.
100 1 _aBrunetto, G.
100 1 _aSaggin, A.
245 1 _aComposição florística de pastagem natural afetada por fontes de fósforo, calagem e introdução de espécies forrageiras de estação fria
650 _aFORRAGEIRA DE INVERNO
650 _aPASTAGEM NATURAL
650 _aCALAGEM
650 _aFERTILIZANTE FOSFATADO
650 _aCOMPOSIÇÃO BOTÂNICA
650 _aACLIMATAÇÃO
650 _aRIO GRANDE DO SUL
773 0 _tCiência Rural (Brazil)
_xISSN 0103-8478
_g(Jan-Feb 2005), v. 35(1) p. 84-91
_wBR0501903
909 _a202311
_bLúcia
_c55
_dLúcia Elande
942 _2AGRIS
_n0
_cANA
999 _c182206
_d182206